000 00583nam a2200205 u 4500
005 20220928063745.0
008 100202s2004 mx r 000 0 spa d
020 _a9687723602
035 _aUPN01000174416
049 _aCG
050 4 _aNC1460 Q5.4
_bB5.3
100 0 _aQuino,
_d1932-2020
_930496
245 1 0 _aBien, gracias. ¿Y usted? /
_cQuino.
260 _aMéxico :
_bTusquets,
_b1978 (2005 impr.)
300 _a102 p. :
_bil.
650 4 _aHUMORISMO Y AGUDEZAS ARGENTINOS
_915535
650 4 _aSATIRA
_915460
650 4 _aCARICATURAS -
_zARGENTINA
_97032
905 _aLibro
999 _c146520
_d146520